000 00668nam a2200181Ia 4500
008 090124s9999 xx 000 0 und d
082 _b39352
100 _aकेळकर भा. कृ.
245 _a समर्थ रामदास व डॉ. हेडगेवार
250 _a0
260 _bभारतीय विचार साधना
300 _a96
600 _aकेळकर भा. कृ.
630 _a समर्थ रामदास व डॉ. हेडगेवार
700 _aकेळकर भा. कृ.
730 _a समर्थ रामदास व डॉ. हेडगेवार
942 _cBOOK
999 _c105455
_d105455